Scottish League Cup winners - Statistics

General Stats
  • This quiz has been taken 111 times
  • The average score is 70 of 77
Answer Stats
Hint Answer % Correct
1957 Celtic
100%
1958 Celtic
100%
1966 Celtic
100%
1967 Celtic
100%
1968 Celtic
100%
1969 Celtic
100%
1970 Celtic
100%
1975 Celtic
100%
1983 Celtic
100%
1998 Celtic
100%
2000 Celtic
100%
2001 Celtic
100%
2006 Celtic
100%
2009 Celtic
100%
2015 Celtic
100%
2017 Celtic
100%
2018 Celtic
100%
2019 Celtic
100%
2020 Celtic
100%
2022 Celtic
100%
1946 Rangers
100%
1949 Rangers
100%
1961 Rangers
100%
1962 Rangers
100%
1964 Rangers
100%
1965 Rangers
100%
1971 Rangers
100%
1976 Rangers
100%
1978 Rangers
100%
1979 Rangers
100%
1982 Rangers
100%
1984 Rangers
100%
1985 Rangers
100%
1987 Rangers
100%
1988 Rangers
100%
1989 Rangers
100%
1991 Rangers
100%
1993 Rangers
100%
1994 Rangers
100%
1997 Rangers
100%
1999 Rangers
100%
2002 Rangers
100%
2003 Rangers
100%
2005 Rangers
100%
2008 Rangers
100%
2010 Rangers
100%
2011 Rangers
100%
1956 Aberdeen
99%
1977 Aberdeen
99%
1986 Aberdeen
99%
1990 Aberdeen
99%
1996 Aberdeen
99%
2014 Aberdeen
99%
1952 Dundee
93%
1953 Dundee
93%
1974 Dundee
93%
1959 Heart Of Midlothian
92%
1960 Heart Of Midlothian
92%
1963 Heart Of Midlothian
92%
1980 Dundee United
90%
1981 Dundee United
90%
1973 HIbernian
88%
1992 Hibernian
88%
2007 Hibernian
88%
2012 Kilmarnock
81%
2013 Saint Mirren
79%
2021 Saint Johnstone
76%
1951 Motherwell
74%
2016 Ross County
60%
2004 Livingston
58%
1972 Partick Thistle
51%
1995 Raith Rovers
48%
1947 East Fife
38%
1948 East Fife
38%
1950 East Fife
38%
1954 East Fife
38%
1955 Heart Of Midlothian
7%
No matching quizzes found
Score Distribution
Percent of People with Each Score
Percentile by Number Answered
Your Score History
You have not taken this quiz